000 00362nam a2200157Ia 4500
008 230605s1999 xx 000 0 und d
041 _aeng
100 _aCreoles
245 _aExotic Desserts From cake
260 _bKonemann Pub Bonner
_c1999
_c1999
300 _a215
365 _b1196
_h20
500 _a88
520 _aReference Copy
650 _aF. P.
999 _c417970
_d417970